[Event "Prague Summer op 9th"]
[Site "Prague"]
[Date "2022.08.05"]
[Round "1"]
[White "Hozda, Max"]
[Black "Kundin, Alexander"]
[Result "1/2-1/2"]
[WhiteElo "1947"]
[BlackElo "2305"]
[PlyCount "58"]
[EventDate "2022.08.05"]
[EventType "swiss"]
[EventRounds "9"]
[EventCountry "CZE"]
[SourceTitle "CBM 209 Extra"]
[Source "ChessBase"]
[SourceDate "2022.09.30"]
[SourceVersion "1"]
[SourceVersionDate "2022.09.30"]
[SourceQuality "1"]

1. d4 d5 2. c4 c6 3. Nf3 dxc4 4. e3 b5 5. a4 e6 6. axb5 cxb5 7. b3 Bb4+ 8. Bd2 Bxd2+ 9. Nbxd2 a5 10. bxc4 b4 11. c5 Nf6 12. Nc4 0-0 13. Bd3 Nc6 14. Qc2 Ba6 15. Nb6 Bxd3 16. Qxd3 Ra7 17. e4 Nd7 18. Na4 Nde5 19. Nxe5 Nxe5 20. Qd2 Nc6 21. 0-0-0 Rd7 22. d5 exd5 23. exd5 Qf6 24. Nb6 Rdd8 25. Qb2 Qe7 26. Qc2 b3 27. Qc3 Nb4 28. Kb2 Qe2+ 29. Rd2 Qb5 1/2-1/2

[Event "ISR-chT"]
[Site "Israel"]
[Date "2022.03.04"]
[Round "9.1"]
[White "Kundin, Alexander"]
[Black "Krayz, Alexander"]
[Result "0-1"]
[WhiteElo "2329"]
[BlackElo "2350"]
[PlyCount "68"]
[EventDate "2022.01.14"]
[EventType "team-tourn"]
[EventRounds "11"]
[EventCountry "ISR"]
[SourceTitle "EXT 2023"]
[Source "ChessBase"]
[SourceDate "2022.10.05"]
[SourceVersion "1"]
[SourceVersionDate "2022.10.05"]
[SourceQuality "1"]
[WhiteTeam "Rishon Le Zion"]
[BlackTeam "Herzliya"]
[WhiteTeamCountry "ISR"]
[BlackTeamCountry "ISR"]

1. e4 e6 2. d4 d5 3. Nd2 Nf6 4. e5 Nfd7 5. c3 c5 6. Bd3 Nc6 7. Ne2 cxd4 8. cxd4 f6 9. exf6 Nxf6 10. Nf3 Qc7 11. 0-0 Bd6 12. Bg5 0-0 13. Bh4 Nh5 14. Nc3 a6 15. Re1 g6 16. Rc1 Qg7 17. Bb1 Bd7 18. Na4 Rxf3 19. gxf3 Nxd4 20. Nb6 Rf8 21. Rc3 Bc6 22. Rd3 e5 23. Bg3 Nf4 24. Bxf4 Rxf4 25. Nc8 Bb8 26. Kg2 Qc7 27. Rde3 Qxc8 28. Rxe5 Bxe5 29. Rxe5 Nxf3 30. Rxd5 Bxd5 31. Qxd5+ Kg7 32. h3 Nh4+ 33. Kf1 Qc1+ 34. Ke2 Qxb2+ 0-1

[Event "ISR-chT"]
[Site "Israel"]
[Date "2022.01.22"]
[Round "4.1"]
[White "Birnboim, Nathan"]
[Black "Kundin, Alexander"]
[Result "1/2-1/2"]
[WhiteElo "2387"]
[BlackElo "2329"]
[PlyCount "63"]
[EventDate "2022.01.14"]
[EventType "team-tourn"]
[EventRounds "11"]
[EventCountry "ISR"]
[SourceTitle "EXT 2023"]
[Source "ChessBase"]
[SourceDate "2022.10.05"]
[SourceVersion "1"]
[SourceVersionDate "2022.10.05"]
[SourceQuality "1"]
[WhiteTeam "Ashdod"]
[BlackTeam "Rishon Le Zion"]
[WhiteTeamCountry "ISR"]
[BlackTeamCountry "ISR"]

1. d4 d5 2. c4 c6 3. cxd5 cxd5 4. Nc3 Nf6 5. Bf4 Nc6 6. e3 a6 7. Bd3 Bg4 8. Nge2 e6 9. 0-0 Be7 10. Rc1 0-0 11. Na4 Bxe2 12. Bxe2 Rc8 13. a3 Ne4 14. f3 Nd6 15. Nc5 Bg5 16. Bxg5 Qxg5 17. f4 Qe7 18. Bd3 Na5 19. b3 g6 20. Rb1 Rc7 21. Qd2 Nc6 22. Rbc1 Rfc8 23. Rc2 Nb8 24. Rfc1 b6 25. Bxa6 Nxa6 26. Nxa6 Rxc2 27. Rxc2 Rxc2 28. Qxc2 Qa7 29. Qc7 Qxa6 30. Qxd6 Qb5 31. Qb8+ Kg7 32. Qe5+ 1/2-1/2

[Event "ISR-chT"]
[Site "Israel"]
[Date "2022.01.14"]
[Round "1.1"]
[White "Kundin, Alexander"]
[Black "Kochavi, Ori"]
[Result "1/2-1/2"]
[WhiteElo "2329"]
[BlackElo "2271"]
[PlyCount "128"]
[EventDate "2022.01.14"]
[EventType "team-tourn"]
[EventRounds "11"]
[EventCountry "ISR"]
[SourceTitle "EXT 2023"]
[Source "ChessBase"]
[SourceDate "2022.10.05"]
[SourceVersion "1"]
[SourceVersionDate "2022.10.05"]
[SourceQuality "1"]
[WhiteTeam "Rishon Le Zion"]
[BlackTeam "Ramat Gan Etude"]
[WhiteTeamCountry "ISR"]
[BlackTeamCountry "ISR"]

1. e4 c6 2. d4 d5 3. Nd2 dxe4 4. Nxe4 Nf6 5. Nxf6+ exf6 6. c3 Bd6 7. Bd3 0-0 8. Qc2 Re8+ 9. Ne2 h5 10. 0-0 h4 11. h3 Nd7 12. Be3 Nf8 13. c4 Be6 14. Rfe1 Qe7 15. Nf4 Rad8 16. Rad1 Bc8 17. Kf1 Bb8 18. d5 Qc7 19. dxc6 Qxc6 20. Be4 Qa6 21. Rxd8 Rxd8 22. b3 Qd6 23. Nd5 Qh2 24. Ne7+ Kh8 25. Nxc8 Rxc8 26. Bxb7 Re8 27. Qf5 Kg8 28. Bd5 Be5 29. Qh5 g6 30. Qxh4 Bc3 31. Rd1 Be5 32. Bc6 Re6 33. Bd5 Re8 34. Bc6 Re6 35. Rd8 Rxc6 36. Bh6 Bd6 37. Qxf6 Qh1+ 38. Ke2 Qe1+ 39. Kxe1 Bb4+ 40. Kf1 Rxf6 41. Ra8 a6 42. Ke2 Bc5 43. Bxf8 Bxf8 44. c5 Kg7 45. b4 Be7 46. a4 Rc6 47. Kd3 Kf6 48. Kc4 Ke6 49. g4 g5 50. Ra7 Bf8 51. a5 Be7 52. Rb7 Bf8 53. Rb6 Kd7 54. Rb7+ Rc7 55. Rb6 Rc6 56. Kd5 Rxb6 57. axb6 Be7 58. c6+ Kc8 59. Kc4 Bd8 60. Kc5 Be7+ 61. Kc4 Bf6 62. Kc5 Bc3 63. b5 axb5 64. Kxb5 Bd4 1/2-1/2

[Event "ISR-chT"]
[Site "Israel"]
[Date "2021.06.11"]
[Round "7.4"]
[White "Arlinsky, Uriel"]
[Black "Kundin, Alexander"]
[Result "0-1"]
[WhiteElo "2317"]
[BlackElo "2328"]
[PlyCount "92"]
[EventDate "2021.04.22"]
[EventType "team-tourn"]
[EventRounds "11"]
[EventCountry "ISR"]
[SourceTitle "EXT 2022"]
[Source "ChessBase"]
[SourceDate "2021.10.06"]
[SourceVersion "1"]
[SourceVersionDate "2021.10.06"]
[SourceQuality "1"]
[WhiteTeam "Petah Tikva Nearim"]
[BlackTeam "Rishon Le Zion Feldklein"]
[WhiteTeamCountry "ISR"]
[BlackTeamCountry "ISR"]

1. c4 c6 2. g3 d5 3. Bg2 Nf6 4. Nf3 Bf5 5. Qb3 Qb6 6. Qxb6 axb6 7. cxd5 Nxd5 8. Nc3 e6 9. 0-0 Nd7 10. Nxd5 exd5 11. d3 Be7 12. Nd4 Bg6 13. e4 Bf6 14. Ne2 dxe4 15. dxe4 Nc5 16. e5 Bxe5 17. f4 Bd3 18. fxe5 Bxe2 19. Re1 Nb3 20. Rxe2 Nxa1 21. b3 0-0 22. Kf1 Rfd8 23. Ke1 Ra5 24. Be4 Re8 25. Bb1 Raxe5 26. Rxe5 Rxe5+ 27. Kd1 Rd5+ 28. Ke1 Rb5 29. Kd2 Nxb3+ 30. axb3 Rxb3 31. Bd3 g6 32. Kc2 Rb4 33. Bb2 b5 34. Be5 f5 35. Kc3 Ra4 36. Bc2 Rc4+ 37. Kd2 Kf8 38. Bd3 Ra4 39. Bc2 Ra2 40. Bd4 Ke7 41. Kc3 Kd6 42. Bg7 c5 43. Bh6 b4+ 44. Kb3 Ra3+ 45. Kb2 Kd5 46. Bf4 c4 0-1

[Event "ISR-chT"]
[Site "Israel"]
[Date "2019.02.22"]
[Round "7.4"]
[White "Kundin, Alexander"]
[Black "Bykhovsky, Avigdor"]
[Result "1-0"]
[WhiteElo "2311"]
[BlackElo "2419"]
[PlyCount "49"]
[EventDate "2019.01.04"]
[EventType "team-tourn"]
[EventRounds "11"]
[EventCountry "ISR"]
[SourceTitle "CBM 189 Extra"]
[Source "ChessBase"]
[SourceDate "2019.06.03"]
[SourceVersion "1"]
[SourceVersionDate "2019.06.03"]
[SourceQuality "1"]
[WhiteTeam "Tel Aviv Har Tsvi"]
[BlackTeam "Petah Tikva Elitzur Dov"]
[WhiteTeamCountry "ISR"]
[BlackTeamCountry "ISR"]

1. e4 e6 2. d4 d5 3. Nd2 Nf6 4. e5 Nfd7 5. c3 c5 6. Bd3 Nc6 7. Ne2 cxd4 8. cxd4 f6 9. exf6 Qxf6 10. Nf3 Bd6 11. 0-0 h6 12. Ng3 0-0 13. Nh5 Qf7 14. Nh4 Rd8 15. Bxh6 gxh6 16. Qg4+ Kf8 17. Ng6+ Ke8 18. Nh8 Nf6 19. Qh4 Qxh5 20. Bg6+ Qxg6 21. Nxg6 Kf7 22. Qxh6 Bd7 23. f4 Bf8 24. Nh8+ Ke7 25. Qg5 1-0

[Event "ISR-chT"]
[Site "Israel"]
[Date "2019.02.09"]
[Round "4.5"]
[White "Manor, Ilan"]
[Black "Kundin, Alexander"]
[Result "0-1"]
[WhiteElo "2472"]
[BlackElo "2311"]
[PlyCount "80"]
[EventDate "2019.01.04"]
[EventType "team-tourn"]
[EventRounds "11"]
[EventCountry "ISR"]
[SourceTitle "CBM 188 Extra"]
[Source "ChessBase"]
[SourceDate "2019.02.26"]
[SourceVersion "1"]
[SourceVersionDate "2019.02.26"]
[SourceQuality "1"]
[WhiteTeam "Petah Tikva Hapoel"]
[BlackTeam "Tel Aviv Har Tsvi"]
[WhiteTeamCountry "ISR"]
[BlackTeamCountry "ISR"]

1. d4 d5 2. c4 c6 3. Nf3 Nf6 4. Nc3 a6 5. Bg5 Ne4 6. Bh4 Nxc3 7. bxc3 dxc4 8. e4 b5 9. a4 Bg4 10. Be2 Nd7 11. 0-0 g6 12. h3 Bxf3 13. Bxf3 Nb6 14. axb5 cxb5 15. d5 Bg7 16. e5 Bxe5 17. d6 Qxd6 18. Bxa8 Nxa8 19. Qxd6 exd6 20. Rxa6 Nc7 21. Rb6 Kd7 22. Rd1 Re8 23. Bg3 Bxg3 24. fxg3 Re6 25. Rf1 f5 26. Rd1 d5 27. Rxe6 Kxe6 28. Kf2 d4 29. cxd4 b4 30. Ke3 Nd5+ 31. Kd2 Nc3 32. Ra1 Kd5 33. Ra7 Kxd4 34. Rxh7 b3 35. Rd7+ Nd5 36. Kc1 c3 37. Rd8 Kc4 38. Rc8+ Kd3 39. Rd8 b2+ 40. Kb1 Kc4 0-1

[Event "ISR-chT"]
[Site "Israel"]
[Date "2019.02.08"]
[Round "3.3"]
[White "Kundin, Alexander"]
[Black "Zilberman, Yaacov"]
[Result "1/2-1/2"]
[WhiteElo "2311"]
[BlackElo "2334"]
[PlyCount "49"]
[EventDate "2019.01.04"]
[EventType "team-tourn"]
[EventRounds "11"]
[EventCountry "ISR"]
[SourceTitle "CBM 188 Extra"]
[Source "ChessBase"]
[SourceDate "2019.02.26"]
[SourceVersion "1"]
[SourceVersionDate "2019.02.26"]
[SourceQuality "1"]
[WhiteTeam "Tel Aviv Har Tsvi"]
[BlackTeam "Kfar Saba Hapoel II"]
[WhiteTeamCountry "ISR"]
[BlackTeamCountry "ISR"]

1. e4 e5 2. Nf3 Nc6 3. Bb5 a6 4. Ba4 d6 5. 0-0 Bd7 6. c3 Nge7 7. d4 Ng6 8. d5 Nb8 9. c4 Be7 10. Nc3 0-0 11. Bxd7 Nxd7 12. Be3 h6 13. b4 Nh4 14. Nxh4 Bxh4 15. c5 Bg5 16. Bxg5 Qxg5 17. c6 Nf6 18. cxb7 Ra7 19. Qd3 Rb8 20. b5 axb5 21. Nxb5 Raxb7 22. a4 Nd7 23. Rfb1 Nc5 24. Qc2 Qd8 25. Rb2 1/2-1/2

[Event "ISR-chT"]
[Site "Israel"]
[Date "2017.03.10"]
[Round "9"]
[White "Bitensky, Igor"]
[Black "Kundin, Alexander"]
[Result "1/2-1/2"]
[WhiteElo "2365"]
[BlackElo "2309"]
[PlyCount "82"]
[EventDate "2017.01.09"]
[EventType "team-tourn"]
[EventRounds "11"]
[EventCountry "ISR"]
[SourceTitle "EXT 2018"]
[Source "ChessBase"]
[SourceDate "2017.10.13"]
[SourceVersion "1"]
[SourceVersionDate "2017.10.13"]
[SourceQuality "1"]

1. e4 c5 2. Nf3 Nc6 3. Bb5 e6 4. 0-0 Nge7 5. c3 a6 6. Ba4 b5 7. Bc2 Bb7 8. Qe2 d5 9. e5 d4 10. Be4 Ng6 11. d3 Be7 12. Na3 0-0 13. Nc2 dxc3 14. bxc3 Na5 15. Bxb7 Nxb7 16. Re1 Na5 17. g3 Qd7 18. h4 f6 19. exf6 Bxf6 20. d4 cxd4 21. cxd4 Rac8 22. Bg5 Rc3 23. Ne3 Bxd4 24. Rad1 Nc6 25. h5 Nge5 26. Nxe5 Nxe5 27. Bf4 Qc6 28. Bxe5 Bxe5 29. Ng4 Bb8 30. Qxe6+ Qxe6 31. Rxe6 Bxg3 32. Rxa6 Rc4 33. fxg3 Rxg4 34. Kg2 Rg5 35. h6 gxh6 36. Rd7 Rf7 37. Rxf7 Kxf7 38. Rxh6 Kg7 39. Rb6 Rf5 40. g4 Rc5 41. Kf3 Rc3+ 1/2-1/2

[Event "ISR-chT"]
[Site "Israel"]
[Date "2015.05.01"]
[Round "11.6"]
[White "Kundin, Alexander"]
[Black "Zilberman, Yaacov"]
[Result "1/2-1/2"]
[WhiteElo "2346"]
[BlackElo "2394"]
[PlyCount "27"]
[EventDate "2015.01.09"]
[EventType "team-tourn"]
[EventRounds "11"]
[EventCountry "ISR"]
[SourceTitle "EXT 2016"]
[Source "ChessBase"]
[SourceDate "2015.10.08"]
[SourceVersion "1"]
[SourceVersionDate "2015.10.08"]
[SourceQuality "1"]
[WhiteTeam "Tel Aviv Shlomo Har Zvi"]
[BlackTeam "Kfar Saba Hapoel II"]
[WhiteTeamCountry "ISR"]
[BlackTeamCountry "ISR"]

1. e4 e6 2. d4 d5 3. Nd2 dxe4 4. Nxe4 Bd7 5. Nf3 Bc6 6. Bd3 Nd7 7. Qe2 Be7 8. Bd2 Ngf6 9. Neg5 h6 10. Nh3 Bxf3 11. Qxf3 c6 12. Qg3 Nh5 13. Qf3 Nhf6 14. Qg3 1/2-1/2

[Event "ISR-chT 08"]
[Site "Israel"]
[Date "2008.05.17"]
[Round "9.6"]
[White "Bitensky, Igor"]
[Black "Kundin, Alexander"]
[Result "1-0"]
[WhiteElo "2424"]
[BlackElo "2376"]
[PlyCount "57"]
[EventDate "2007.12.26"]
[EventType "team-tourn"]
[EventRounds "11"]
[EventCountry "ISR"]
[SourceTitle "EXT 2009"]
[Source "ChessBase"]
[SourceDate "2008.11.26"]
[SourceVersion "1"]
[SourceVersionDate "2008.11.26"]
[SourceQuality "1"]
[WhiteTeam "Tel Aviv Shlomo Har Zvi"]
[BlackTeam "Rishon Le Zion Feldklein"]
[WhiteTeamCountry "ISR"]
[BlackTeamCountry "ISR"]

1. e4 c5 2. Na3 Nc6 3. Bb5 Nf6 4. Bxc6 dxc6 5. d3 g6 6. f4 Bg7 7. Nf3 0-0 8. 0-0 b6 9. Qe1 Nd7 10. e5 Nb8 11. Qh4 Na6 12. Bd2 Nc7 13. Rae1 Ne6 14. Nc4 Nd4 15. Ne3 a5 16. Bc3 Ra7 17. Bxd4 cxd4 18. Ng4 Bxg4 19. Qxg4 e6 20. Ng5 a4 21. h4 Qd5 22. h5 Qxa2 23. hxg6 hxg6 24. Qh4 Rfa8 25. Nh7 Qxb2 26. Nf6+ Bxf6 27. exf6 Qb4 28. f5 Qf8 29. Rf3 1-0

[Event "ISR-chT"]
[Site "Israel"]
[Date "2007.04.27"]
[Round "9.5"]
[White "Sidorenko, Ilya"]
[Black "Kundin, Alexander"]
[Result "1-0"]
[WhiteElo "2245"]
[BlackElo "2416"]
[PlyCount "67"]
[EventDate "2007.01.11"]
[EventType "team"]
[EventRounds "11"]
[EventCountry "ISR"]
[SourceTitle "EXT 2009"]
[Source "ChessBase"]
[SourceDate "2008.11.26"]
[SourceVersion "1"]
[SourceVersionDate "2008.11.26"]
[SourceQuality "1"]
[WhiteTeam "Beer Sheva II"]
[BlackTeam "Rishon Le Zion Feldklein"]
[WhiteTeamCountry "ISR"]
[BlackTeamCountry "ISR"]

1. e4 c5 2. Nf3 Nc6 3. Bb5 e6 4. 0-0 Nge7 5. Nc3 Nd4 6. Nxd4 cxd4 7. Ne2 Nc6 8. d3 Bc5 9. f4 d5 10. Ng3 f5 11. exf5 exf5 12. Re1+ Kf7 13. Qf3 Ne7 14. Bd2 Bd7 15. Bxd7 Qxd7 16. b4 Bb6 17. Rxe7+ Kxe7 18. Re1+ Kf6 19. Re5 g6 20. Rxd5 Qe6 21. Nxf5 gxf5 22. Re5 Qd7 23. Qh5 h6 24. g4 fxg4 25. Qh4+ Kf7 26. Qh5+ Kf6 27. Qh4+ Kf7 28. f5 h5 29. Re6 Bd8 30. Bg5 Qd5 31. Be7 Rh6 32. Rxh6 Bxe7 33. Rh7+ Kg8 34. Qxe7 1-0

[Event "ISR-chT"]
[Site "Israel"]
[Date "2003.03.28"]
[Round "8"]
[White "Zak, Uriel"]
[Black "Kundin, Alexander"]
[Result "0-1"]
[WhiteElo "2341"]
[BlackElo "2424"]
[PlyCount "84"]
[EventDate "2003.01.??"]
[EventType "team"]
[EventRounds "11"]
[EventCountry "ISR"]
[SourceTitle "EXT 2004"]
[Source "ChessBase"]
[SourceDate "2003.11.25"]
[SourceVersion "1"]
[SourceVersionDate "2003.11.25"]
[SourceQuality "1"]

1. e4 c5 2. c3 d5 3. exd5 Qxd5 4. d4 g6 5. Na3 Bg7 6. dxc5 Qxc5 7. Nb5 a6 8. Be3 Qc6 9. Qd5 Qxd5 10. Nc7+ Kf8 11. Nxd5 Nc6 12. 0-0-0 Bf5 13. Nb6 Rd8 14. Rxd8+ Nxd8 15. Bc4 Nf6 16. h3 Be6 17. Bxe6 Nxe6 18. Nf3 Ke8 19. Rd1 h5 20. Ne5 Bh6 21. Nec4 Bxe3+ 22. fxe3 h4 23. Nd5 Nxd5 24. Rxd5 Nd8 25. Nd2 e6 26. Rg5 f5 27. g4 hxg3 28. Rxg3 Kf7 29. Kc2 Kf6 30. Nf3 Nf7 31. h4 e5 32. Rh3 e4 33. Ng1 Ke5 34. Kd2 Nh6 35. Ne2 Ng4 36. Nf4 Kf6 37. Ke2 Ne5 38. Nd5+ Ke6 39. Nf4+ Kf6 40. Nd5+ Kf7 41. b3 Nd3 42. c4 g5 0-1

[Event "ISR-chT"]
[Site "Israel"]
[Date "2003.03.21"]
[Round "7"]
[White "Kundin, Alexander"]
[Black "Zoler, Dan"]
[Result "1/2-1/2"]
[WhiteElo "2424"]
[BlackElo "2528"]
[PlyCount "62"]
[EventDate "2003.01.??"]
[EventType "team"]
[EventRounds "11"]
[EventCountry "ISR"]
[SourceTitle "EXT 2004"]
[Source "ChessBase"]
[SourceDate "2003.11.25"]
[SourceVersion "1"]
[SourceVersionDate "2003.11.25"]
[SourceQuality "1"]

1. e4 c5 2. Nf3 d6 3. Bb5+ Bd7 4. Bxd7+ Qxd7 5. 0-0 Nc6 6. c3 Nf6 7. d4 cxd4 8. cxd4 d5 9. e5 Ne4 10. Ne1 f6 11. f3 Ng5 12. Nc2 Nf7 13. exf6 exf6 14. Nc3 Be7 15. Ne3 0-0 16. Nexd5 Rfd8 17. Re1 Bf8 18. Be3 b5 19. a3 Rab8 20. b4 a5 21. Qb3 Kh8 22. Rad1 Nd6 23. Bf2 Qf7 24. Qa2 Nc4 25. Nf4 axb4 26. axb4 Nxb4 27. Qb3 Rdc8 28. Ne6 Na5 29. Qb2 Nc4 30. Qb3 Na5 31. Qb2 Nc4 1/2-1/2

[Event "ISR-ch"]
[Site "Tel Aviv"]
[Date "2002.12.03"]
[Round "9"]
[White "Kundin, Alexander"]
[Black "Lederer, Yoav"]
[Result "1/2-1/2"]
[WhiteElo "2429"]
[BlackElo "2272"]
[PlyCount "77"]
[EventDate "2002.11.24"]
[EventType "swiss"]
[EventRounds "9"]
[EventCountry "ISR"]
[SourceTitle "CBM 093"]
[Source "ChessBase"]
[SourceDate "2003.04.01"]
[SourceVersion "1"]
[SourceVersionDate "2003.04.01"]
[SourceQuality "1"]

1. e4 c5 2. Nf3 Nc6 3. d4 cxd4 4. Nxd4 Nf6 5. Nc3 d6 6. Be2 e5 7. Nf3 h6 8. 0-0 Be7 9. b3 a6 10. a4 Be6 11. Bb2 Rc8 12. Re1 Qa5 13. Bf1 Nb8 14. Na2 Nbd7 15. c4 Qb6 16. Nc3 Nc5 17. Nd2 a5 18. h3 0-0 19. Ba3 Nfd7 20. Nd5 Bxd5 21. cxd5 f5 22. Nc4 Qa7 23. exf5 Rxf5 24. Ra2 Rcf8 25. Ne3 Rf4 26. g3 Rd4 27. Qb1 e4 28. Rd1 Rxd1 29. Qxd1 Ne5 30. Bxc5 Qxc5 31. Qc2 Qb4 32. Bg2 Qe1+ 33. Nf1 e3 34. fxe3 Bg5 35. Qe2 Bxe3+ 36. Kh2 Qxe2 37. Rxe2 Bc5 38. Nd2 Rc8 39. Nf3 1/2-1/2

[Event "ISR-ch"]
[Site "Tel Aviv"]
[Date "2002.11.30"]
[Round "6"]
[White "Finkel, Alexander"]
[Black "Kundin, Alexander"]
[Result "1-0"]
[WhiteElo "2485"]
[BlackElo "2429"]
[PlyCount "75"]
[EventDate "2002.11.24"]
[EventType "swiss"]
[EventRounds "9"]
[EventCountry "ISR"]
[SourceTitle "CBM 093"]
[Source "ChessBase"]
[SourceDate "2003.04.01"]
[SourceVersion "1"]
[SourceVersionDate "2003.04.01"]
[SourceQuality "1"]

1. e4 c5 2. Nf3 d6 3. c3 Nf6 4. Bd3 Nc6 5. Bc2 Bg4 6. d3 g6 7. Nbd2 Bg7 8. h3 Bxf3 9. Nxf3 0-0 10. 0-0 Nd7 11. Be3 b5 12. a3 Nb6 13. Qe2 a5 14. Rad1 Qb8 15. d4 cxd4 16. cxd4 Nc4 17. Bc1 a4 18. Bd3 Rc8 19. Bb1 Qb6 20. Be3 N6a5 21. Bg5 Ra7 22. e5 d5 23. h4 b4 24. axb4 Qxb4 25. e6 Qxb2 26. exf7+ Kxf7 27. Ne5+ Bxe5 28. Qg4 Rd8 29. dxe5 Qxe5 30. Rfe1 Qd6 31. h5 Nc6 32. Qh3 Rf8 33. Bh6 Rd8 34. Bg5 Rf8 35. hxg6+ hxg6 36. Be4 Ra5 37. Rxd5 Rxd5 38. Bxd5+ 1-0

[Event "ISR-ch"]
[Site "Tel Aviv"]
[Date "2002.11.26"]
[Round "2"]
[White "Gershon, Alik"]
[Black "Kundin, Alexander"]
[Result "1-0"]
[WhiteElo "2562"]
[BlackElo "2429"]
[PlyCount "67"]
[EventDate "2002.11.24"]
[EventType "swiss"]
[EventRounds "9"]
[EventCountry "ISR"]
[SourceTitle "CBM 093"]
[Source "ChessBase"]
[SourceDate "2003.04.01"]
[SourceVersion "1"]
[SourceVersionDate "2003.04.01"]
[SourceQuality "1"]

1. d4 d5 2. c4 c6 3. Nf3 Nf6 4. Nc3 a6 5. a4 e6 6. Bg5 Nbd7 7. cxd5 exd5 8. e3 a5 9. Bd3 Be7 10. Qc2 0-0 11. 0-0 Re8 12. Rae1 Nf8 13. Ne5 Ng4 14. Bxe7 Rxe7 15. f4 f6 16. Nxg4 Bxg4 17. Qf2 Bh5 18. Kh1 Bf7 19. g4 Qd6 20. Rg1 g6 21. h4 Rae8 22. Rg3 c5 23. Nb5 Qb6 24. Rf1 cxd4 25. exd4 Kh8 26. Rfg1 Ne6 27. f5 Ng7 28. Qf4 gxf5 29. Qh6 Re1 30. g5 Nh5 31. Rxe1 Nxg3+ 32. Kh2 Rxe1 33. g6 Rh1+ 34. Kg2 1-0

[Event "Tel Aviv Last Autumn"]
[Site "Tel Aviv"]
[Date "2002.11.11"]
[Round "8"]
[White "Kundin, Alexander"]
[Black "Kudischewitsch, David"]
[Result "1/2-1/2"]
[WhiteElo "2429"]
[BlackElo "2384"]
[PlyCount "30"]
[EventDate "2002.11.01"]
[EventType "tourn"]
[EventRounds "9"]
[EventCountry "ISR"]
[EventCategory "8"]
[SourceTitle "CBM 092"]
[Source "ChessBase"]
[SourceDate "2003.02.06"]
[SourceVersion "1"]
[SourceVersionDate "2003.02.06"]
[SourceQuality "1"]

1. e4 c5 2. Nf3 e6 3. Nc3 a6 4. d4 cxd4 5. Nxd4 b5 6. Bd3 d6 7. 0-0 Be7 8. a4 Bf6 9. Be3 bxa4 10. Nxa4 Ne7 11. c4 0-0 12. b4 Nbc6 13. Nxc6 Nxc6 14. Rb1 Rb8 15. Qd2 Bd4 1/2-1/2

[Event "Tel Aviv Last Autumn"]
[Site "Tel Aviv"]
[Date "2002.11.04"]
[Round "3"]
[White "Erenburg, Sergey"]
[Black "Kundin, Alexander"]
[Result "1-0"]
[WhiteElo "2494"]
[BlackElo "2429"]
[PlyCount "99"]
[EventDate "2002.11.01"]
[EventType "tourn"]
[EventRounds "9"]
[EventCountry "ISR"]
[EventCategory "8"]
[SourceTitle "CBM 092"]
[Source "ChessBase"]
[SourceDate "2003.02.06"]
[SourceVersion "1"]
[SourceVersionDate "2003.02.06"]
[SourceQuality "1"]

1. e4 c5 2. Nf3 d6 3. c3 Nf6 4. Be2 g6 5. 0-0 Bg7 6. Bb5+ Bd7 7. Bxd7+ Qxd7 8. Re1 Nc6 9. d4 cxd4 10. cxd4 d5 11. e5 Ne4 12. Nc3 Nxc3 13. bxc3 0-0 14. h4 Rac8 15. h5 Nd8 16. Qd3 Ne6 17. h6 Bh8 18. Bd2 Rc4 19. Reb1 b5 20. Ne1 a6 21. Nc2 Rfc8 22. g3 f6 23. f4 fxe5 24. fxe5 Ng5 25. Ne3 Nf3+ 26. Kg2 Nxd2 27. Qxd2 Rxc3 28. Rb3 R3c6 29. Rf1 Qe6 30. Rb2 Rf8 31. Rxf8+ Kxf8 32. Qd1 Ke8 33. Rf2 Bf6 34. exf6 Qxe3 35. Re2 Qxh6 36. Rxe7+ Kd8 37. Ra7 Rc1 38. Rxh7 Rxd1 39. Rxh6 Ke8 40. Rxg6 Kf7 41. Rh6 b4 42. g4 Rxd4 43. Kg3 Rd2 44. g5 Rc2 45. Rh7+ Kg8 46. f7+ Kf8 47. g6 Ke7 48. Rh8 Rc3+ 49. Kg4 Rc4+ 50. Kg5 1-0

[Event "Tel Aviv Last Autumn"]
[Site "Tel Aviv"]
[Date "2002.11.01"]
[Round "1"]
[White "Kundin, Alexander"]
[Black "Deutsch, Eyal"]
[Result "1-0"]
[WhiteElo "2429"]
[BlackElo "2272"]
[PlyCount "67"]
[EventDate "2002.11.01"]
[EventType "tourn"]
[EventRounds "9"]
[EventCountry "ISR"]
[EventCategory "8"]
[SourceTitle "CBM 092"]
[Source "ChessBase"]
[SourceDate "2003.02.06"]
[SourceVersion "1"]
[SourceVersionDate "2003.02.06"]
[SourceQuality "1"]

1. e4 e6 2. d4 d5 3. Nd2 dxe4 4. Nxe4 Be7 5. Nf3 Nf6 6. Nxf6+ Bxf6 7. Bd3 Nd7 8. Qe2 c5 9. d5 e5 10. h4 h6 11. Bd2 Qe7 12. 0-0-0 Nb6 13. Nxe5 Bxe5 14. Rhe1 Bxb2+ 15. Kxb2 Qxe2 16. Rxe2+ Kd8 17. c4 Re8 18. Rxe8+ Kxe8 19. Re1+ Kf8 20. Bf4 Bd7 21. Kb3 Nc8 22. Be3 b6 23. Bf4 a6 24. Bc7 b5 25. d6 Na7 26. Re7 Bc6 27. f3 bxc4+ 28. Bxc4 Be8 29. Bd5 Bc6 30. Rxf7+ Ke8 31. Re7+ Kf8 32. Rf7+ Ke8 33. Bxc6+ Nxc6 34. Rxg7 1-0

[Event "ISR-ch op"]
[Site "Tel Aviv"]
[Date "2001.04.13"]
[Round "5"]
[White "Kundin, Alexander"]
[Black "Gofshtein, Leonid D"]
[Result "1/2-1/2"]
[WhiteElo "2417"]
[BlackElo "2523"]
[PlyCount "83"]
[EventDate "2001.04.09"]
[EventType "swiss"]
[EventRounds "9"]
[EventCountry "ISR"]
[SourceTitle "CBM 081 Extra"]
[Source "ChessBase"]
[SourceDate "2001.05.06"]
[SourceVersion "1"]
[SourceVersionDate "2001.05.06"]
[SourceQuality "1"]

1. e4 d5 2. exd5 Qxd5 3. Nc3 Qd6 4. d4 Nf6 5. Nf3 a6 6. g3 Nc6 7. Bf4 Qd8 8. Bg2 e6 9. 0-0 Be7 10. Qd2 0-0 11. Rfe1 Nd5 12. Bg5 Bxg5 13. Nxg5 Nxc3 14. bxc3 h6 15. Nf3 Rb8 16. c4 b5 17. Rab1 Bd7 18. cxb5 axb5 19. Ne5 Nxe5 20. Rxe5 Rb6 21. Qa5 Qe7 22. Rc5 Qd6 23. c3 Rc8 24. Qb4 Ra6 25. Rb2 Ra4 26. Qb3 Qa6 27. Bb7 Qxb7 28. Qxa4 Qf3 29. Qb3 Bc6 30. Kf1 Qh1+ 31. Ke2 Bf3+ 32. Kd2 c6 33. Qc2 Qxh2 34. Ke3 Bd5 35. Rb1 Qh5 36. Qe2 Qg5+ 37. Kd3 Ra8 38. Rb2 Qg6+ 39. Kd2 Bxa2 40. Qd3 Qf6 41. Re5 Qxf2+ 42. Kd1 1/2-1/2